| 000 | 01602nam a2200373 c 4500 | ||
|---|---|---|---|
| 003 | BLK | ||
| 005 | 20180422110317.0 | ||
| 008 | 180409b bul|||||r ||||||| ||bul|| | ||
| 010 | _aKNG00120958000 | ||
| 040 | _aBLK | ||
| 041 |
_aRUS _cRUS |
||
| 080 |
_aЖивопис _b75 _x(45)(092) _z75(45)(092) |
||
| 080 |
_aИталиански архитект, изобретател, инженер, скулптор и художник от епохата на Ренесанса _b929 Леонардо да Винчи _x _z929 Леонардо да Винчи |
||
| 100 | 1 |
_aНардини, Бруно _eпърви автор _9314142 |
|
| 700 | 1 |
_aКастелани, Ренато _e* _9314143 |
|
| 139 |
_aНардини, Бруно _bЛ 46 |
||
| 245 | 1 | 0 |
_aЖизнь Леонардо _bФотокнига : Иллюстрации в основном из фильма Ренато Кастелани _cБруно Нардини; * Ренато Кастелани. |
| 257 | _aITA | ||
| 260 |
_аМосква _bПланета _c1978 |
||
| 300 |
_a295 с., _bс ил. _c28 см |
||
| 380 | _a7 | ||
| 500 | _aБиблиогр. с. 299. | ||
| 600 | 1 | 4 |
_aЛеонардо да Винчи _9364024 |
| 650 | 4 |
_aЖивопис, италианска _9294861 |
|
| 650 | 4 |
_aЖивопис - Италия _9278177 |
|
| 653 | _aживопис | ||
| 653 | _aИталия | ||
| 653 | _aЛеонардо да Винчи | ||
| 852 | _aЦб ІІ 5721 | ||
| 856 | 4 |
_qpdf _u |
|
| 856 | 4 |
_qpdf _u |
|
| 942 |
_cKNG _n0 |
||
| 944 |
_aCR _c25.01.2011 _lдобави в АБ / 24.01.2011 _kИрена_Линкова |
||
| 944 |
_aED _c29.01.2014 _lдобави в АБ / 24.01.2011 _k |
||
| 999 |
_c115473 _d115473 |
||